[Event "Metz op 30th"]
[Site "Metz"]
[Date "2012.04.17"]
[Round "5"]
[White "Koziak, Vitali"]
[Black "Turov, Maxim"]
[Result "0-1"]
[WhiteElo "2511"]
[BlackElo "2658"]
[Annotator "Metz Alekhine/Primel,D"]
[PlyCount "44"]
[EventDate "2012.04.14"]
[EventType "swiss"]
[EventRounds "9"]
[EventCountry "FRA"]
[SourceTitle "EXT 2013"]
[Source "ChessBase"]
[SourceDate "2012.11.22"]
[SourceVersion "1"]
[SourceVersionDate "2012.11.22"]
[SourceQuality "1"]

1. Nf3 Nf6 2. d4 g6 3. c4 Bg7 4. Nc3 d5 (4... O-O 5. e4) 5. Bf4 O-O 6. Rc1 dxc4
7. e3 (7. e4 {L'alternative}) 7... Be6 8. Ng5 Bd5 9. e4 (9. Nxd5 Nxd5 10. Bxc4
Nxf4 11. Qf3 $1 e6 12. Qxf4) 9... h6 10. exd5 hxg5 11. Bxg5 b5 $5 (11... Nxd5)
(11... c6 12. Bxc4 cxd5 13. Bxf6 exf6 14. Bxd5 Re8+ 15. Kf1 Nc6 16. h4 f5 17.
h5 Qg5 18. hxg6 Qxg6 19. Ne2 Qd6 20. Bxc6 bxc6 21. Qc2 Re6 22. Ng3 Qxd4 23.
Nxf5 Qxb2 24. Nxg7 Qxc2 25. Rxc2 Kxg7 26. Rh4 Rc8 27. Rhc4 Kf6 28. g3 Ke7 29.
R2c3 Rc7 30. Rc2 Kd6 31. Rd2+ Ke5 {1/2-1/2 (31) Lupulescu,C (2614)-Vachier
Lagrave,M (2686) Istanbul 2012}) 12. Be2 (12. Qf3) (12. h4 c6 13. Qf3 (13. h5
$5 Nxh5 14. g4 Nf6 15. Qf3 Qd7 16. Bxf6 Bxf6 17. Bg2 (17. Qh3 Rd8)) 13... cxd5
{Bronstein,D (2570)-Zilberstein,V (2470) URS-ch FL Tbilisi 1973 (3) 1-0}) 12...
c6 13. dxc6 Nxc6 14. Bxf6 $6 (14. d5 $142 Nb4 15. O-O Nfxd5 {Ftacnik,L (2573)
-Sutovsky,E (2637) EU-ch 8th Dresden 2007 (10) 1/2}) 14... Bxf6 15. Nxb5 Rb8
$132 {[%csl Rb2,Rd4,Re1]} 16. Bxc4 $2 $146 (16. Qa4 Nxd4 (16... Qa5+ 17. Qxa5
Nxa5 18. a4 a6 19. Na3 Rxb2 20. Nxc4 Nxc4 21. Bxc4 a5 22. O-O Bxd4 $36) 17.
Nxd4 Qxd4 18. O-O Rxb2 {1/2-1/2 (18) Peuraniemi,P (2452)-Krzyzanowski,W (2456)
ICCF corr 1997}) 16... Rxb5 $1 17. Bxb5 Qa5+ 18. Rc3 Qxb5 19. Qe2 Qb6 20. O-O
Nxd4 21. Qd2 Rd8 $19 {[%cal Gd4f3]} 22. Kh1 $2 Nf3 0-1

[Event "Sautron op 16th"]
[Site "Sautron"]
[Date "2016.10.29"]
[Round "9.5"]
[White "Koziak, Vitali"]
[Black "Bedouin, Xavier"]
[Result "1/2-1/2"]
[WhiteElo "2479"]
[BlackElo "2353"]
[Annotator "RR"]
[PlyCount "102"]
[EventDate "2016.10.22"]
[EventType "swiss"]
[EventRounds "9"]
[EventCountry "FRA"]
[SourceTitle "EXT 2019"]
[Source "ChessBase"]
[SourceDate "2018.10.10"]
[SourceVersion "1"]
[SourceVersionDate "2018.10.10"]
[SourceQuality "1"]
[TimeControl "40/5400+30:1800+30"]

1. d4 Nf6 2. c4 g6 3. Nc3 d5 4. Nf3 Bg7 5. Bf4 O-O 6. Rc1 Be6 {[%emt 1:25:00]}
7. e3 {[%emt 1:27:00]} dxc4 (7... c6) 8. Ng5 Bd5 (8... Bg4 9. f3 Bc8 10. Bxc4
$14) 9. e4 h6 10. exd5 hxg5 11. Bxg5 Nxd5 (11... b5 12. Qf3 b4 (12... c6)) 12.
Bxc4 Nb6 13. Bb3 Nc6 {[%csl Rd4]} 14. d5 Nd4 $132 {[%csl Gd4,Rd5] Le P"d5" est
assez faible} 15. O-O Qd7 (15... Nxb3 16. Qxb3 Bxc3 17. bxc3 Qxd5 18. Bxe7 $11
{Gershon,A (2556)-Horvath,J (2535) EU-Cup 18th Kallithea 2002 (6.2) 1/2}) 16.
Re1 {[%emt 1:26:00]} Rfe8 {[%emt 1:22:00]} 17. h4 {[%emt 1:18:00]} (17. Be3
Nxb3 18. Qxb3 Bxc3 19. bxc3 Qxd5 20. c4 Qc6 21. Bd4 $44 {[%csl Gd4,Rg8];Amos,
B-Larsen,B USA 1968 0-1}) 17... Rac8 {[%emt 1:10:00][%cal Gc7c6] Un coup un
peu passif} (17... Rad8 18. Ba4 Nxa4 19. Qxa4 Qxa4 20. Nxa4 Rd7 21. b3 Nb5 22.
Nc5 Rxd5 23. Nxb7 Nc3 24. Rc2 Rb8 25. Bd2 Nb5 26. Na5 Na3 27. Rxc7 Rxd2 28. Nc6
Nb5 29. Rcxe7 Rb6 30. Re8+ Kh7 31. Ne5 Bxe5 32. R1xe5 Rxa2 33. R8e7 Kg7 34. h5
gxh5 35. Rxh5 Nd4 36. Rd5 Ne2+ 37. Kf1 Rh6 38. g3 Nxg3+ 39. Kg2 Nh5 {0-1 (39)
Istratescu,A (2667)-Vachier Lagrave,M (2758) Saint-Quentin 2014}) 18. Re3 $146
{[%emt 0:37:00][%cal Gh4h5,Ge3h3]} (18. Na4 Nxa4 19. Bxa4 b5 20. Bb3 a5 21. a3
Nxb3 22. Qxb3 a4 23. Qb4 Qxd5 24. Rc5 Qd4 25. Rxb5 c5 26. Qd2 Qxd2 27. Bxd2 Bd4
28. Bc3 Kf8 29. Kf1 Rb8 30. Ra5 Ra8 31. Rxa8 Rxa8 32. Bxd4 cxd4 33. Re4 Rd8 34.
g4 f6 35. f4 Kf7 36. Ke2 {1/2-1/2 (36) Becsenescu,F-Kukla,K (2249) ICCF email
2007}) 18... c6 {[%emt 1:40:00]} 19. h5 $36 {[%emt 0:28:00]} gxh5 {[%emt 1:40:
00]} 20. Qxh5 Qf5 $1 {[%csl Gh7]} 21. g4 $5 {[%emt 0:15:00] Un coup risqué et
au surplus, il ne reste plus que 15 mns aux Blancs pour passer le contrôle de
temps dans cette position compliquée} Qg6 {[%emt 0:27:00]} 22. Qxg6 fxg6 23.
dxc6+ {[%csl Gb3]} Nxb3 24. axb3 Rxc6 25. Rd1 (25. Rce1 e6) 25... e6 26. Bf4 {
[%emt 0:02:00]} Rf8 {[%emt 0:20:00]} 27. Be5 Bxe5 28. Rxe5 Rf4 29. Rd8+ Kf7 30.
Re4 {[%emt 0:02:00]} e5 {[%emt 0:13:00]} 31. Rxf4+ exf4 32. Rb8 Rc7 33. Nb5 {
[%cal Gb8b7]} Rd7 34. Nxa7 (34. Rxb7 Rxb7 35. Nd6+ Ke6 36. Nxb7 Kd5 (36... f3 {
[%csl Rg4]} 37. Kh2 Ke5 38. Kg3 Ke4 39. Nd6+ {[%csl Rf3]})) 34... Kf6 35. Nc6
Kg5 36. Na5 Kxg4 37. Rxb7 Rd1+ 38. Kg2 f3+ 39. Kh2 Nd5 40. Nc4 Rf1 41. Ne5+ {
[%emt 0:30:00]} Kf4 {[%emt 0:13:00]} 42. Nxg6+ Ke4 43. Nh4 Rxf2+ 44. Kg3 $1 {
[%cal Gh4f3,Gg3f2]} Rd2 45. Rf7 f2 $1 46. Rxf2 Rxf2 47. Kxf2 Kd3 48. Nf5 Kc2
49. Ne3+ Nxe3 50. Kxe3 Kxb3 51. Kd2 Kxb2 1/2-1/2

[Event "Olympiad-32"]
[Site "Yerevan"]
[Date "1996.09.18"]
[Round "3.1"]
[White "Rogers, Ian"]
[Black "Sokolov, Ivan"]
[Result "1/2-1/2"]
[WhiteElo "2575"]
[BlackElo "2670"]
[Annotator "Rogers,I"]
[PlyCount "47"]
[EventDate "1996.09.15"]
[EventType "team-swiss"]
[EventRounds "14"]
[EventCountry "ARM"]
[SourceTitle "CBM 055"]
[Source "ChessBase"]
[SourceDate "1996.12.01"]
[SourceVersion "1"]
[SourceVersionDate "1996.12.01"]
[SourceQuality "1"]
[WhiteTeam "Australia"]
[BlackTeam "Bosnia&Herzegovina"]
[WhiteTeamCountry "AUS"]
[BlackTeamCountry "BIH"]

1. d4 Nf6 2. c4 g6 3. Nc3 d5 4. Nf3 Bg7 5. Bf4 O-O 6. Rc1 Nc6 $6 {An
experiment but not one which Sokolov is likely to repeat.} 7. e3 Be6 8. h3 $1
h6 ({Sokolov's original plan of} 8... dxc4 {is highly unpleasant for Black
after} 9. e4) 9. b3 Rc8 10. Be2 g5 11. Bh2 Bf5 12. Ne5 $1 Nxe5 13. Bxe5 $2 {
White had originally intended 13.dxe5 but at the last moment saw ghosts and
played the insipid text move, losing most of White's advantage.} ({After} 13.
dxe5 $1 {White was worried about} Nd7 14. Qxd5 c6 15. Qd4 Qa5 {when Black has
no problems}) ({but he overlooked that} 13. dxe5 $1 Nd7 14. cxd5 $1 {was
extremely strong, e.g.} Nxe5 15. O-O c6 16. f4 $1 gxf4 17. exf4 Ng6 18. g4 Bd7
19. d6 $1 {with a large advantage for White.}) ({Sokolov had seen this
variation and had decided to try his luck with} 13. dxe5 $1 Ne4 $5 {, although
after} 14. Qxd5 Nxc3 15. Rxc3 c6 16. Qxd8 Rfxd8 {Black's compensation for the
pawn is inadequate.}) 13... c6 14. O-O Ne4 $1 15. Bxg7 Kxg7 16. cxd5 cxd5 17.
Nxe4 Bxe4 18. Qd2 Qb6 19. b4 Qe6 20. Rc5 b6 21. Rxc8 Rxc8 22. Rc1 Qd7 23. Rc3
Rxc3 24. Qxc3 1/2-1/2

[Event "Olympiad-32"]
[Site "Yerevan"]
[Date "1996.09.30"]
[Round "13.1"]
[White "Rogers, Ian"]
[Black "Mirumian, Vigen"]
[Result "1-0"]
[WhiteElo "2575"]
[BlackElo "2430"]
[Annotator "Rogers,I"]
[PlyCount "89"]
[EventDate "1996.09.15"]
[EventType "team-swiss"]
[EventRounds "14"]
[EventCountry "ARM"]
[SourceTitle "CBM 055"]
[Source "ChessBase"]
[SourceDate "1996.12.01"]
[SourceVersion "1"]
[SourceVersionDate "1996.12.01"]
[SourceQuality "1"]
[WhiteTeam "Australia"]
[BlackTeam "Armenia II"]
[WhiteTeamCountry "AUS"]
[BlackTeamCountry "ARM"]

1. d4 Nf6 2. c4 g6 3. Nc3 d5 4. Nf3 Bg7 5. Bf4 O-O 6. Rc1 dxc4 7. e4 b5 $6 {
Diagram [#] When Leko first beat Van Wely with this move, in Groningen 1995,
it was hailed as a virtual refutation of the 6.Rc1 system. Since then, however,
Leko's compatriot, Lajos Portisch discovered a simple antidote to the move,
which he used successfully in Biel against Vladimir Tukmakov a month before
the Olympiad. It seems that Mirumian did not know of the Portisch game since
after...} 8. Nxb5 $1 Nxe4 9. Bxc7 $1 Qd7 10. Bxc4 a6 11. Na3 Nc6 12. O-O $1 {
...he began to ponder deeply. Eventually he, like Tukmakov, captured the
bishop on c7.} Qxc7 $6 ({However} 12... Bb7 {is probably the only move to
offer Black any compensation at all for the sacrificed pawn.}) 13. Bd5 Qf4 ({
Slightly better than Tukmakov's} 13... Nf6 {(1-0 (29) Portisch,L (2600)
-Tukmakov,V (2580) Biel 1996 CBM 055 [ChessBase]) but Black's activity is
merely temporary.}) 14. Bxc6 Rb8 15. g3 Qf5 $1 16. Nc4 ({Originally I thought
that 15...Qf5 was a losing move due to} 16. Nh4 Qe6 17. Re1 {but then I
noticed Black's idea - he can play the remarkable} Nxf2 $3 {and after} 18. Kxf2
Rxb2+ 19. Kg1 {Black can choose between} Qd6 (19... Qf6) ({and} 19... Qxa2 {
. This all seemed far too messy for me; after all, White is a safe pawn ahead
so why be greedy?})) 16... Rd8 $2 ({It was high time to retreat the knight
from its exposed square on e4 to f6 so that} 16... Nf6 17. Ne3 {can be met by})
17. Ne3 Qe6 18. b3 $1 Bb7 19. Bxb7 Rxb7 20. Qd3 Nf6 21. Qc4 Qd6 22. Qc6 Rb6 23.
Qxd6 Rbxd6 24. Rfe1 e6 25. Nc4 Rd5 26. Nce5 Nd7 27. Nc6 $1 {The rest of the
game is the proverbial matter of technique. White must avoid exchanges for the
time being to better shield his isolated d pawn and prepare to harass Black's
weak a pawn.} Re8 28. Rc4 Kf8 29. Rec1 Bf6 30. Nb4 Rf5 31. Kg2 a5 32. Nc2 Nb6
33. Rc6 Rb8 34. Ne3 Rb5 35. R1c5 Nd7 36. Rxb5 Rxb5 37. Rc7 Nb8 38. Nc4 Be7 39.
Nfe5 f6 40. Nd3 g5 {Black has reached the time control with precisely a second
to spare but his last move, preventing 41.Nf4, allows a different path to
victory for White.} 41. Nc5 $1 Bxc5 42. dxc5 Na6 43. Rc6 $1 Nb4 (43... Nxc5 {
loses to} 44. a4) 44. Rc8+ Ke7 45. a4 (45. a4 Rb7 46. Nxa5 {is completely
hopeless.}) 1-0

[Event "Asian Continental op 18th"]
[Site "Xingtai"]
[Date "2019.06.14"]
[Round "8"]
[White "Sethuraman, SP."]
[Black "Gupta, Abhijeet"]
[Result "1-0"]
[WhiteElo "2613"]
[BlackElo "2606"]
[Annotator "Sethuraman,SP"]
[PlyCount "145"]
[EventDate "2019.06.07"]
[EventType "swiss"]
[EventRounds "9"]
[EventCountry "CHN"]
[SourceTitle "CBM 190 Extra"]
[Source "ChessBase"]
[SourceDate "2019.07.15"]
[SourceVersion "1"]
[SourceVersionDate "2019.07.15"]
[SourceQuality "1"]

{[%evp 0,145,17,16,23,-11,43,32,67,39,39,36,30,8,33,33,34,35,46,49,50,50,49,48,
29,30,62,83,83,89,89,95,95,95,93,101,98,98,112,107,111,117,137,127,116,103,122,
134,125,91,90,89,96,81,78,65,62,72,72,78,72,76,120,101,121,121,108,103,103,115,
119,112,118,117,117,117,117,117,117,112,112,117,117,119,115,127,127,116,111,
115,119,130,124,130,135,136,136,158,137,132,181,136,143,121,152,155,181,181,
181,178,181,181,181,181,205,205,205,205,297,335,278,278,278,278,278,321,293,
330,330,330,330,330,323,323,352,496,540,540,540,499,540,830,1002,1002,1012,
1012,1012,1022] This was the penaltimate round and I was facing my fourth
Indian in the tournament :) as the tournament had more Indians than Chinese.
Abijith Gupta and myself were leading by half a point against the rest of the
field. This game was important for both of us for the qualification for the
world cup as well as for the championship title.} 1. d4 Nf6 2. c4 g6 3. Nc3 d5
{Grunfeld is always the main choice of my opponent} 4. Bf4 {This recently came
into popularity after Radek won a nice game against Mamedaryov in the Fide
Grand Prix. It looks harmless, but in fact it can be really nasty if Black is
not responding in accurate way as it is one the lines where White is in
absolute control. And also, back then in 2009 I won against my opponent in the
same line. So I thought why not to repeat it once again :)} Bg7 5. e3 O-O (5...
c5 6. dxc5 Qa5 7. Rc1 dxc4 8. Bxc4 O-O 9. Nge2 (9. Nf3 Qxc5 10. Bb3 Qa5 11. O-O
Na6 12. Bc4 Nc5 13. Nd4 Bg4 14. f3 Bd7 15. a3 Qb6 16. b4 Ne6 17. Nxe6 Bxe6 18.
Na4 Qc6 19. Qb3 Bxc4 20. Rxc4 Qe8 21. Rc7 $16 {1-0 (45) Sethuraman,S (2447)
-Gupta,A (2578) Mumbai 2009}) 9... Qxc5 10. Qb3 Qa5 11. O-O Nbd7 12. Nb5 Ne4
13. Bc7 b6 14. Bxf7+ Rxf7 15. Qd5 Nec5 16. Qxa8 Qxb5 $132 {was unclear in
Wojtaszek,R (2724)-Mamedyarov,S (2781) Moscow 2019 but later white won the game
}) 6. Rc1 c5 7. dxc5 Be6 {One of the critical lines.} 8. Nf3 Nc6 9. Be2 dxc4 {
This was quite a surprise for me. I never consindered this move in my
preparations which actually looks very natural.} (9... Ne4 {was supposed to be
the main option here:} 10. Nd4 Nxd4 11. exd4 Nxc3 12. bxc3 dxc4 13. Bf3 {
Black has to be bit careful here though objectively after some precise moves
he should be fine.}) 10. Ng5 (10. Qxd8 $6 Nxd8 (10... Raxd8 11. Ng5 Bg4)) 10...
Nd5 {My opponent played this instantly with a draw offer. I was more worried
about the other options, because here I have a risk free edge.} (10... Qxd1+
11. Rxd1 Nd8 $5 {[%cal Ga8c8] Quite a weird idea, but it looks very
interesting, with Rc8 to follow. Here White has to play like computer to get a
better position. I was quite concerned about this during the game.} 12. e4 Rc8
13. Bc1 $1 (13. Be3 Ng4 14. Nxe6 (14. Bxg4 Bxg4 15. f3 Be6 16. Ke2 b5 $1 17.
Nxb5 Rb8 18. Nxa7 Rxb2+ 19. Rd2 Rxd2+ 20. Kxd2 Bd7 21. Rb1 Nc6 22. Nxc6 Bxc6
23. Rb6 Rd8+ 24. Ke2 Bd4 $1 $132) 14... Nxe3 15. Rxd8 Nxg2+ 16. Kf1 Rfxd8 17.
Nxd8 Nf4 18. Nxb7 Bxc3 19. bxc3 Rc7 20. c6 Rxc6 21. Ke1 Rc7 22. Nd8 Rc8 23. Nb7
$11) 13... Rxc5 14. f4 Bg4 15. e5 Bxe2 16. Kxe2 Ng4 17. Nge4 $14) 11. Nxe6 fxe6
12. Bxc4 Bxc3+ 13. bxc3 Nxf4 14. exf4 Qxd1+ 15. Rxd1 Rxf4 16. Bxe6+ Kg7 17. O-O
Rd8 18. Bd5 {So far all is kind of forced.} Na5 $2 {Knight on the rim... In
fact, now the bishop on d5 looks very strong and Black's knight is tied to
protect the b7 pawn.} (18... Rf5 {with good chances to hold as Black has to do
something quite dynamic to liquidate.} 19. c4 (19. Bxc6 Rxd1 20. Rxd1 bxc6 21.
Rd7 Kf6 22. Rxa7 Rxc5 23. Ra3 {With decent chances to hold thanks to active
position of pieces}) 19... Nb4 20. Rb1 Nxd5 21. cxd5 Rd7 $1 22. c6 bxc6 23.
dxc6 Rc7 24. Rfc1 Rf6 25. Rb7 Rxb7 26. cxb7 Rb6 $11) 19. Rfe1 Kf8 20. g3 Rf6
21. h4 {Gaining space.} Rd7 22. Be4 (22. Kg2 {was quite simple as Black simply
can't move.} Rf5 (22... Rc7 23. Be6 $16) 23. c4 $16) 22... Ke8 $2 (22... Rc7
$142 23. Rd8+ Kg7 24. Red1 Rxc5 25. R1d7 Re5 26. Bd5 $16) 23. Rxd7 Kxd7 24.
Rd1+ Kc7 25. Rd5 {I wanted to push h5 and create a weakness on g6.} Re6 26. f3
Nc6 (26... Nc4 27. Rd4 $1 (27. h5 Ne5 28. hxg6 hxg6 29. Kg2 Nd7 30. Rg5 Ra6 31.
Bb1 Nf8 $16) 27... Ne5 28. Bd5 Rf6 29. Re4 $1 $16) 27. h5 (27. Rg5 $1 {
Preventing Ne5 as well as threating h5 was stronger} Nb8 28. Bd5 Ra6 29. c6 $1
{[%csl Ra6,Gh7][%cal Gd5g8]}) 27... Ne5 28. hxg6 hxg6 29. Kg2 Nd7 30. Rg5 Nf8
$6 (30... Ra6 31. Bb1 {White is still better but Black has some chances here.})
31. a4 (31. c6 $1 bxc6 {Black's pieces are all shut down and tied to g6 pawn.
Now White can simply bring his king with f4, g4 and at some point Black will
run out of moves.} 32. Kf2 $16) 31... Ra6 32. Bc2 Ra5 33. f4 Nd7 34. c6 $1 {
The whole idea of 31.a4 was connected to this and I assumed the arising
endgame to be clearly winning which is not the case and in fact it is not at
all easy.} Rxg5 35. fxg5 Nf8 (35... bxc6 36. Bxg6 Ne5 37. Bh7 $18) 36. cxb7
Kxb7 37. Kf3 {Now I thought maybe Black can build some kind of fortress here.
Then Magnus' words came to my mind that he doesn't believe in fortresses. When
the World Champion says so, why worry :). But after some moves I realised that
perhaps indeed there is a fortress coming which will be very hard to break and
I was right. In the game Black had chances to hold.} Kc6 38. Ke4 Kc5 $2 (38...
Kd6 $1 39. Kd4 e5+ 40. Kc4 Ne6 41. Bxg6 Nxg5 42. g4 Nf3 43. Bc2 Ng5 44. a5 (44.
Kb5 $2 e4 $11) 44... Kc6 {And not easy to find an winning plan}) 39. Bb3 Nh7 (
39... Kd6 40. Bf7) 40. Kf4 (40. Ke5 $1 Nxg5 41. Bc2 $18 {was nice and simple.})
40... Kd6 41. Bf7 $2 (41. Bg8 $1 e5+ 42. Kg4 Nf8 43. a5 Nd7 44. Bf7 $18 {
with tempo as compared to the game.}) 41... e5+ 42. Kg4 Nf8 43. Kf3 Ke7 44. Bg8
Nd7 45. Ke4 Kd6 (45... Nc5+ 46. Kxe5 Nxa4 47. Kd4 Kd6 48. Bf7 Nc5 49. Bxg6 Ne6+
50. Ke4 Nxg5+ 51. Kf5 Ne6 52. g4 $18) 46. a5 Nc5+ 47. Ke3 Nb7 $2 (47... Ke7 {
and Black builds a fortress .} 48. Bd5 Kf8 49. Kd2 Ke7 50. Kc2 Kd6 51. Bf7 (51.
c4 e4 $132) 51... Ne4 52. Bxg6 Nxg5) 48. Bf7 Nxa5 49. Bxg6 $18 {I was
completely relieved here after missing simple wins before} Nb7 50. Ke4 $6 {
Not a precise way but with less time it looked natural to advance the king} (
50. Bh5 {The computer's killer choice was winning on the spot:} Nc5 51. g6 Ne6
52. Ke4 $18) 50... Nc5+ 51. Kf5 a5 (51... e4 52. Kf4 Ne6+ 53. Kxe4 Nxg5+ 54.
Kf5 $18 {Hope this is winning :)}) 52. Bh5 a4 53. g6 Ne6 54. Bd1 a3 55. Bb3 {
Now its 100 percent winning :)} Ng7+ 56. Ke4 Nh5 57. g4 Ng7 58. Ba2 Ne8 59. c4
Ke6 60. c5+ Kf6 61. Bf7 Ng7 62. c6 Ne8 63. g5+ Kg7 64. Kxe5 Nc7 65. Kd6 Na6 66.
Ke7 Nb8 67. c7 Nc6+ 68. Kd6 Na7 69. Kc5 Nc8 70. Kb4 Nd6 71. Kb3 Kf8 72. Be6 Kg7
73. Bf5 $143 {I was happy to finally convert to a win after many missed
moments . Thanks to this victory, I emerged as the sole leader but I lost the
last round againt Le Quang and it was painful to lose the tile after leading
the whole tournament. Le Quang was a deserved winner as he made a good
comeback after initial hiccups and played a perfect game against me maintaing
good nerves. The only consolation for me was I qualified to the world cup
securing bronze medal.} 1-0